Statistics for Famous Pairings

Click here to take the quiz!

General Stats

  • This quiz has been taken 67 times
    (34 since last reset)
  • The average score is 22 of 32

Answer Stats

HintAnswer% Correct
Salt andPepper / Vingeger
100%
Ladies andGentlemen
92%
Heaven andHell / Earth
92%
An arm and aLeg
92%
Good andEvil / Ready / Plenty / Bad
85%
Ebony andIvory
85%
Bread andButter
81%
Fish andChips
81%
Bacon andEggs
81%
Oil andWater / Vinegar
73%
Bow andArrow
69%
Divide andConquer
69%
Smoke andMirrors / Fire
69%
Apples andOranges
69%
War andPeace
69%
Stars andStripes
69%
Yin andYang
69%
Rhythm andBlues
65%
Fire andBrimstone / Rain / Ice
65%
A rock and aHard Place
65%
Hiroshima andNagasaki
65%
Meat andPotatoes
62%
Trinidad andTobago
62%
Bosnia andHerzegovina
58%
Mice andMen
58%
Sweet andSour
54%
Pork andBeans
50%
St Kitts andNevis
50%
Cut andPaste / Dry
50%
Rock andRoll
50%
Flotsam andJetsam
46%
Death andTaxes
46%

Score Distribution

Percentile by Number Answered

Percent of People with Each Score

Your Score History

You have not taken this quiz since the last reset